Normal view
MARC view
- تغذية الحيوانات الاليفة - نظام حوسبة
Entry Topical Term
001 - CONTROL NUMBER
- control field: 58312
003 - CONTROL NUMBER IDENTIFIER
- control field: JO-AjAnu
005 - DATE AND TIME OF LATEST TRANSACTION
- control field: 20230606083537.0
008 - FIXED-LENGTH DATA ELEMENTS
- fixed length control field: 230606|| aca||aabn | a|a d
040 ## - CATALOGING SOURCE
- Original cataloging agency: JO-AjAnu
- Transcribing agency: JO-AjAnu
150 ## - HEADING--TOPICAL TERM
- Topical term or geographic name entry element: تغذية الحيوانات الاليفة - نظام حوسبة
670 ## - SOURCE DATA FOUND
- Source citation: Work cat.: (JO-AjAnu)29747: اعداد ايهاب صالح عبد الرزاق قهواتي، اشراف محمد بني يونس, author 58311, نظام تغذية الحيوانات الاليفة = Pet Feeding System